Online
Catalog

Recursos / (Record no. 2138)

MARC details
000 -CABECERA
campo de control de longitud fija 00781nam a2200241 u 4500
001 - NÚMERO DE CONTROL
campo de control 000002293
005 - FECHA Y HORA DE LA ÚLTIMA TRANSACCIÓN
campo de control 20251106113413.0
008 - DATOS DE LONGITUD FIJA--INFORMACIÓN GENERAL
campo de control de longitud fija 090701s1981 dr a 000 0 spa d
040 ## - FUENTE DE LA CATALOGACIÓN
Centro catalogador/agencia de origen DO-SdBNP
Lengua de catalogación spa
Centro/agencia transcriptor BNPHU
082 ## - NÚMERO DE LA CLASIFICACIÓN DECIMAL DEWEY
Número de clasificación 333.7097293
Número de documento/Ítem H552r
100 1# - ENTRADA PRINCIPAL--NOMBRE DE PERSONA
Nombre de persona Hamlet, Hermann,
Fechas asociadas al nombre 1934-2016
9 (RLIN) 36649
245 10 - MENCIÓN DE TÍTULO
Título Recursos /
Mención de responsabilidad, etc. Hamlet Hermann.
260 ## - PUBLICACIÓN, DISTRIBUCIÓN, ETC.
Lugar de publicación, distribución, etc. Santo Domingo :
Nombre del editor, distribuidor, etc. Directorio Comercial e industrial,
Fecha de publicación, distribución, etc. 1981.
300 ## - DESCRIPCIÓN FÍSICA
Extensión 188 p. :
Otras características físicas il. ;
Dimensiones 22 cm.
504 ## - NOTA DE BIBLIOGRAFÍA, ETC.
Nota de bibliografía, etc. Bibliografía: p. 188
590 ## - NOTA LOCAL (RLIN)
Nota local Inventariado, 2018/MFF
650 #4 - PUNTO DE ACCESO ADICIONAL DE MATERIA--TÉRMINO DE MATERIA
Término de materia o nombre geográfico como elemento de entrada Recursos naturales
Subdivisión geográfica República Dominicana
9 (RLIN) 1560
650 #4 - PUNTO DE ACCESO ADICIONAL DE MATERIA--TÉRMINO DE MATERIA
Término de materia o nombre geográfico como elemento de entrada Petróleo
Subdivisión geográfica República Dominicana
9 (RLIN) 7295
650 #4 - PUNTO DE ACCESO ADICIONAL DE MATERIA--TÉRMINO DE MATERIA
Término de materia o nombre geográfico como elemento de entrada Oro
9 (RLIN) 7296
650 #4 - PUNTO DE ACCESO ADICIONAL DE MATERIA--TÉRMINO DE MATERIA
Término de materia o nombre geográfico como elemento de entrada Niquel
9 (RLIN) 7297
650 #0 - PUNTO DE ACCESO ADICIONAL DE MATERIA--TÉRMINO DE MATERIA
Término de materia o nombre geográfico como elemento de entrada Industria azucarera
9 (RLIN) 7298
910 ## - DATOS DE OPCIÓN DEL USUARIO (OCLC)
Datos de opción del usuario Validado. Control de calidad MFF
Holdings
Estado de retiro Estado de pérdida Restricciones de uso No para préstamo Código de colección Localización permanente Ubicación/localización actual Ubicación en estantería Fecha de adquisición Número de inventario Total de préstamos Signatura topográfica completa Código de barras Fecha visto por última vez Número de copia Precio válido a partir de Tipo de ítem Koha
        Dominicana de Servicio General General Depósito 24.11.2010 LF1   333.7097293 H552r 2293-100 25.06.2020 e.5 25.06.2020 Libro y Folleto Colección Dominicana de Servicio
        Dominicana de Servicio General General Depósito 01.07.2009 LF1   333.7097293 H552r 2293-30 25.06.2020 e.3 25.06.2020 Libro y Folleto Colección Dominicana de Servicio
        Dominicana de Servicio General General Depósito 02.07.2009 LF1   333.7097293 H552r 2293-40 25.06.2020 e.4 25.06.2020 Libro y Folleto Colección Dominicana de Servicio
  Extraviado   Excluido de préstamo Patrimonio Dominicano General General Extraviado 20.09.2010 LF1   333.7097293 H552r 2293-70 25.06.2020   25.06.2020 Libro y Folleto Colección Patrimonio Dominicano
  Extraviado   Excluido de préstamo Patrimonio Dominicano General General Extraviado 20.09.2010 LF1   333.7097293 H552r 2293-80 25.06.2020   25.06.2020 Libro y Folleto Colección Patrimonio Dominicano
  Extraviado   Excluido de préstamo Patrimonio Dominicano General General Extraviado 20.09.2010 LF1   333.7097293 H552r 2293-90 25.06.2020   25.06.2020 Libro y Folleto Colección Patrimonio Dominicano
      Excluido de préstamo Patrimonio Dominicano Patrimonio Dominicano Patrimonio Dominicano Depósito 01.07.2009 LF1   333.7097293 H552r 2293-10 25.06.2020   25.06.2020 Libro y Folleto Colección Patrimonio Dominicano
    Préstamo restringido Préstamo restrigido Patrimonio Dominicano Patrimonio Dominicano Patrimonio Dominicano Depósito 01.07.2009 LF1   333.7097293 H552r 2293-20 25.06.2020 e.2 25.06.2020 Libro y Folleto Colección Patrimonio Dominicano

Powered by Koha